000 00592nam a2200229Ia 4500
003 OSt
005 20220928141846.0
006 a|||||r|||| 00| 0
007 ta
008 220927b |||||||| |||| 00| 0 eng d
024 _a18127
037 _cTextual
040 _aSDCL
_cSDCL
_beng
041 _2eng
_aeng
082 _aB38:1, K6
100 _aHWA Rudolph C
_9502526
245 0 _aHomology and feynman integrals.
260 _c1966
700 _a Teplitz Vigdor L
_9502527
942 _hB38:1, K6
_cTEXL
_2CC
999 _c820393
_d820393